000 01930 a2200217 4500
001 29593
005 20260407155605.0
008 260407a1962 arg spa d
003 AR-UNSa-BCEJYS
040 _aAR-UNSa-BCEJYS
_bspa
_cAR-UNSa-BCEJYS
080 _a657.312
_xTipo de presupuestos
245 1 0 _aControl presupuestario
264 1 _aBarcelona :
_bSagitario
_c1962
300 _a157 p.
_c22 cm.
505 _aParte I: 1. Preliminares - 2. La previsión - 3. EL standard - 4. El presupuesto - 5. Determinación de los standards y de los presupuestos - 6. El control presupuestario - 7. Condiciones previas para la aplicación del control presupuestario - 8. Elaboración de los presupuestos funcionales - 9. El presupuesto de producción - 10. El presupuesto de mantenimiento - 11. El presupuesto de distribución - 12. El presupuseto de los aprovisionamientos y de los stocks - 13. El presupuesto de administración - 14. El presupuesto de financiación - 15. El presupuesto de las inversiones - 16. El presupuesto general - 17. El presupuesto flexible -- Parte II: 18. Estudio de las diferencias de ejecución o desviaciones - 19. Naturaleza y causa de las variaciones o desviaciones - 20. Fórmula de determinación de las variaciones o desviaciones - 21. Aplicación del estudio de las variaciones o desviaciones - 22. Examen de los costes semi-directos de las secciones - 23. Examen de los costes indirectos de las secciones - 24. Examen de los presupuestos de las secciones auxiliares - 25. Examen del precio de coste de producción - 26. Examen del presupuesto de los stocks fabricados - 27. Algunas observaciones sobre los presupuestos de distribución y de administración - 28. El control presupuestario elemento esencial para el desarrollo de las empresas
942 _cBK
590 _aniveau_biblio:m niveau_hierar:0
100 1 _aJonio, Fernand
700 1 _aPlaindoux, G.
700 1 _aGarcia Martin, A.
999 _c1900
_d1900